PressureShield: miniatúrny prístroj na riadenie tlaku v nádobe

Guardado en:
Detalles Bibliográficos
Autor principal: Staroň, Martin (Autor)
Otros Autores: Takács, Gergely (Orientador)
Formato: Manuscrito Libro
Lenguaje:eslovaco
Publicado: 2021
Materias:
Acceso en línea:http://is.stuba.sk/zp/portal_zp.pl?podrobnosti=156925
Etiquetas: Agregar Etiqueta
Sin Etiquetas, Sea el primero en etiquetar este registro!

MARC

LEADER 00000ntm a22000003a 4500
001 stuzp85098
003 SK-STU
005 20210612213735.1
007 ta
008 150427s2015----xo-----f-mn---000-0-slo-d
040 |a STU  |b slo 
041 0 |a slo 
100 1 |a Staroň, Martin  |u 020020  |k Z4  |4 aut  |U SjF Strojnícka fakulta  |T SjF Ústav automatizácie, merania a aplikovanej informatiky  |X 87740  |U J0020  |Y 802  |7 87740 
242 0 1 |a PressureShield: A miniature device to control the pressure in a vessel  |y eng 
245 1 0 |a PressureShield: miniatúrny prístroj na riadenie tlaku v nádobe 
260 |c 2021 
650 4 |a PressureShield  |2 slo 
650 4 |a AutomationShield  |2 slo 
650 4 |a spätnoväzbové riadenie  |2 slo 
650 4 |a PID regulátor  |2 slo 
650 4 |a LQ regulátor  |2 slo 
650 4 |a AutomationShield  |2 eng 
650 4 |a feedback control  |2 eng 
650 4 |a LQ regulator  |2 eng 
650 4 |a PressureShield  |2 eng 
650 4 |a PID regulator  |2 eng 
700 1 |a Takács, Gergely  |u 020020  |k Z1  |4 ths  |U SjF Strojnícka fakulta  |T SjF Ústav automatizácie, merania a aplikovanej informatiky  |X 21811  |U J0020  |Y 802  |7 A000021811 
856 4 |u http://is.stuba.sk/zp/portal_zp.pl?podrobnosti=156925